| 000 | 01012nam a2200241 a 4500 | ||
|---|---|---|---|
| 001 | BRCA_6980 | ||
| 005 | 20190320205651.0 | ||
| 008 | 221111s1945----sp-ab#####---#000-0#spa-# | ||
| 041 | _aspa | ||
| 044 | _asp | ||
| 050 | 4 |
_aVK551 _b.C67 |
|
| 245 | 1 | 0 |
_aBreve compendiop de la sphera y de la arte de navegar _bedición facsimilar de la obra que Martin Cortes redacto en Cádiz por 1545 e imprimio en Sevilla en 1551 _cintroducción por Laureano Labarta Ubieto, Salvador García Franco, Julio F. Guillen y Tato. |
| 260 |
_aZaragoza, España _bInstitución Fernando el Católico _c1945 |
||
| 300 |
_a95 p., 21 p. _bil., mapas _c?? cm. |
||
| 500 | _aEjemplar numerado 380 de 500. | ||
| 500 | _aEdición conmemorativa del IV centenario de la redacción de este libro, en Cádiz, 1545, se publica a base del ejemplar que posee el Museo Naval de Madrid | ||
| 500 | _aO213 | ||
| 650 | 1 | 4 |
_aNavegación _915772 |
| 650 | 1 | 4 |
_aMapas _910484 |
| 650 | 1 | 4 |
_aGeografía matemática _915780 |
| 902 | _aGFM | ||
| 942 |
_2lcc _cB |
||
| 999 |
_c6661 _d6661 |
||